Valparaíso navega en el tiempo

Guardat en:
Dades bibliogràfiques
Autor principal: Quevedo Rojas, Franklin (Autor)
Format: Llibre
Idioma:espanyol
Publicat: Santiago Planeta 2000
Edició:1a. ed
Col·lecció:Memoria de Chile - Ciudades
Matèries:
Etiquetes: Afegir etiqueta
Sense etiquetes, Sigues el primer a etiquetar aquest registre!

MARC

LEADER 00000nam a2200000 a 4500
001 UCN7274
003 CL-VaPUC
008 011012e20000000CL |||||||||||||||||spa|d
020 |a 9562472612 
082 0 4 |a 983.255  |b QUE  |2 21 
100 0 |a Quevedo Rojas, Franklin  |e author  |9 463152 
245 1 0 |a Valparaíso navega en el tiempo 
250 |a 1a. ed 
300 |a 222 p 
942 |c BK 
945 |d 20011012 00:00:00  |a crobeson 
260 |a Santiago  |b Planeta  |c 2000 
500 |a ALGUNOS EJEMPLARES EN INST.DE GEOGRAFIA POR PROY.MINEDUC 
650 0 |a Ciudades  |9 265474 
650 0 |a Vida social y costumbres  |9 258725 
651 7 |a CHILE  |2 CL-VaPUC  |9 463153 
651 0 |a Valparaíso, Chile  |9 261144 
583 |a last modification  |c 20011012 00:00:00  |k Rodrigo Vera 
490 0 |a Memoria de Chile - Ciudades 
999 |c 297674  |d 297672 
952 |0 0  |1 0  |4 0  |6 983_255000000000000_QUE_2000  |7 0  |8 X  |9 352597  |a BIBHIS  |b BIBHIS  |d 2019-11-21  |i 3733629  |o 983.255 QUE 2000  |p 3733629  |r 2024-01-30  |w 2019-11-21  |y BK_X  |k HIS 
952 |0 0  |1 0  |4 0  |6 983_255000000000000_QUE_2000  |7 0  |8 X  |9 352598  |a BIBHIS  |b BIBHIS  |d 2019-11-21  |i 3733610  |o 983.255 QUE 2000  |p 3733610  |r 2024-01-30  |w 2019-11-21  |y BK_X  |k HIS 
952 |0 0  |1 0  |4 0  |6 983_255000000000000_QUE_2000  |7 0  |8 A  |9 352599  |a BIBING  |b BIBING  |d 2019-11-21  |i 3787761  |o 983.255 QUE 2000  |p 3787761  |r 2025-01-20  |w 2019-11-21  |y BK  |k GEO 
952 |0 0  |1 0  |4 0  |6 983_255000000000000_QUE_2000  |7 0  |8 A  |9 352600  |a BIBEDU  |b BIBEDU  |d 2019-11-21  |i 366001K  |o 983.255 QUE 2000  |p 366001K  |r 2019-11-21  |w 2019-11-21  |y BK  |k LIT 
952 |0 0  |1 0  |4 0  |6 983_255000000000000_QUE_2000  |7 0  |8 X  |9 352601  |a FDOBUD  |b FDOBUD  |d 2019-11-21  |i 4682149  |o 983.255 QUE 2000  |p 4682149  |r 2019-11-21  |w 2019-11-21  |y BK_X  |k BUD